000 00883cam a22002411 4500
001 he 67000466
003 DLC
005 20260227111444.0
008 841015s1966 is 000 0 heb
010 _ahe 67000466
035 _a(OCoLC)19208507
040 _aDLC
_cMH
_dDLC
042 _apremarc
050 0 0 _aDS126.6.S4
_bI8
110 1 _aIsrael.
_bMiśrad ha-ḥinukh ṿeha-tarbut.
245 1 0 _aYalḳuṭ Sharet :
_bḥomar ʻezer li-sheʻat ha-meḥanekh.
260 _aJerusalem :
_bMiśrad ha-ḥinukh ṿeha-tarbut, ha-Yeḥidah le-ḥinukh ḥevrati be-vate ha-sefer ha-ʻal yesodiyim, :
_bha-Histadrut ha-Tsiyonit ha-ʻolamit, Maḥleḳet ha-hasbarah,
_c726 [1966]
300 _a39 p. ;
_c24 cm.
500 _aCover title.
600 1 0 _aSharett, Moshe,
_d1894-1965.
710 2 _aWorld Zionist Organization.
_bInformation Department.
752 _aIsrael
_dJerusalem
999 _c32209
_d32209